| 000 | 00527nam a22002057a 4500 | ||
|---|---|---|---|
| 003 | OSt | ||
| 005 | 20260502120340.0 | ||
| 008 | 260502b |||||||| |||| 00| 0 eng d | ||
| 020 | _a9780143475927 | ||
| 040 | _cSBCL | ||
| 082 |
_a823 _bSHA-C |
||
| 100 | _aShandilya, Shrijeet | ||
| 245 | _aCan We be Strangers Again | ||
| 260 |
_aHaryana _bPenguin Random House _c2025 |
||
| 300 | _a220p. | ||
| 630 | _xLiterature & rhetoric | ||
| 650 | _aEnglish & Old English literatures | ||
| 650 | _aEnglish fiction | ||
| 942 | _cBOOK | ||
| 999 |
_c138118 _d138118 |
||